000 00242nam a2200109Ia 4500
008 190216s9999||||xx |||||||||||||| ||und||
100 _aKesavan Nair
245 0 _aTagore Kathakal
260 _bK R Brothers
650 _aKathakal
942 _cBK
999 _c23939
_d23939